| 000 | 00477nam a2200181Ia 4500 | ||
|---|---|---|---|
| 001 | 25190 | ||
| 005 | 20260414151133.0 | ||
| 008 | 260414t2019||||xx |||||||||||||| ||spa|| | ||
| 041 | _aESP | ||
| 082 |
_a346.35C _bM49 |
||
| 100 |
_aMeza Torres, Yelena _eAUT |
||
| 245 | 0 |
_aCódigo de los niños y adolescentes comentado por los mejores especialistas _b |
|
| 260 | _c2019 | ||
| 300 |
_a909 páginas : _c23 cm. |
||
| 650 | _aDER | ||
| 654 | _aCDE | ||
| 942 |
_cLIB _dJUS _fJUS _2ddc _n |
||
| 999 |
_c25190 _d25190 |
||